<?xml version="1.0" encoding="UTF-8"?>
<record
    xmlns:xsi="http://www.w3.org/2001/XMLSchema-instance"
    xsi:schemaLocation="http://www.loc.gov/MARC21/slim http://www.loc.gov/standards/marcxml/schema/MARC21slim.xsd"
    xmlns="http://www.loc.gov/MARC21/slim">

  <leader>02284nam a22002897a 4500</leader>
  <controlfield tag="003">OSt</controlfield>
  <controlfield tag="005">20251103100853.0</controlfield>
  <controlfield tag="008">250910b        |||||||| |||| 00| 0 eng d</controlfield>
  <datafield tag="022" ind1=" " ind2=" ">
    <subfield code="a">0020-8825</subfield>
  </datafield>
  <datafield tag="040" ind1=" " ind2=" ">
    <subfield code="a">English</subfield>
    <subfield code="c">tbs</subfield>
  </datafield>
  <datafield tag="041" ind1=" " ind2=" ">
    <subfield code="a">English</subfield>
  </datafield>
  <datafield tag="100" ind1=" " ind2=" ">
    <subfield code="a">Mintzberg, Henry</subfield>
    <subfield code="9">3080</subfield>
  </datafield>
  <datafield tag="245" ind1=" " ind2=" ">
    <subfield code="a">Patterns in Strategy Formation</subfield>
    <subfield code="c">/ Henry Mintzberg</subfield>
  </datafield>
  <datafield tag="260" ind1=" " ind2=" ">
    <subfield code="b">Management Science</subfield>
    <subfield code="c">1978</subfield>
  </datafield>
  <datafield tag="362" ind1=" " ind2=" ">
    <subfield code="a">Management Science, Vol. 24, No. 9 (May, 1978), pp. 934-948</subfield>
  </datafield>
  <datafield tag="520" ind1=" " ind2=" ">
    <subfield code="a">The literature on strategy formation is in large part theoretical but not empirical, and the usual definition of &#x201C;strategy&#x201D; encourages the notion that strategies, as we recognize them ex post facto, are deliberate plans conceived in advance of the making of specific decisions. By defining a strategy as &#x201C;a pattern in a stream of decisions&#x201D;, we are able to research strategy formation in a broad descriptive context. Specifically, we can study both strategies that were intended and those that were realized despite intentions. A research program suggested by this definition is outlined, and two of the completed studies are then reviewed&#x2014;the strategies of Volkswagenwerk from 1934 to 1974 and of the United States government in Vietnam from 1950 to 1973. Some general conclusions suggested by these studies are then presented in terms of three central themes: that strategy formation can fruitfully be viewed as the interplay between a dynamic environment and bureaucratic momentum, with leadership mediating between the two forces; that strategy formation over time appears to follow some important patterns in organizations, notably life cycles and distinct change-continuity cycles within these; and that the study of the interplay between intended and realized strategies may lead us to the heart of this complex organizational process.</subfield>
  </datafield>
  <datafield tag="653" ind1=" " ind2=" ">
    <subfield code="a">Strategy formation</subfield>
  </datafield>
  <datafield tag="653" ind1=" " ind2=" ">
    <subfield code="a">Intended strategies</subfield>
  </datafield>
  <datafield tag="653" ind1=" " ind2=" ">
    <subfield code="a">Decision patterns</subfield>
  </datafield>
  <datafield tag="653" ind1=" " ind2=" ">
    <subfield code="a">Bureaucratic momentum</subfield>
  </datafield>
  <datafield tag="653" ind1=" " ind2=" ">
    <subfield code="a">Leadership</subfield>
  </datafield>
  <datafield tag="653" ind1=" " ind2=" ">
    <subfield code="a">Change&#x2013;continuity cycles</subfield>
  </datafield>
  <datafield tag="653" ind1=" " ind2=" ">
    <subfield code="a">Planned vs. emergent strategies</subfield>
  </datafield>
  <datafield tag="653" ind1=" " ind2=" ">
    <subfield code="a">Volkswagen case study (1934&#x2013;1974)</subfield>
  </datafield>
  <datafield tag="856" ind1=" " ind2=" ">
    <subfield code="u">https://bibliotheque.tbs-education.fr/Default/doc/edsjsr/_b64_ZWRzanNyLjQwMzk2ODM4/patterns-in-strategy-formation</subfield>
  </datafield>
  <datafield tag="942" ind1=" " ind2=" ">
    <subfield code="2">lcc</subfield>
  </datafield>
  <datafield tag="952" ind1=" " ind2=" ">
    <subfield code="0">0</subfield>
    <subfield code="1">0</subfield>
    <subfield code="2">lcc</subfield>
    <subfield code="4">0</subfield>
    <subfield code="7">0</subfield>
    <subfield code="a">TBS</subfield>
    <subfield code="b">TBS</subfield>
    <subfield code="d">2025-11-03</subfield>
    <subfield code="l">0</subfield>
    <subfield code="r">2025-11-03</subfield>
    <subfield code="u">https://bibliotheque.tbs-education.fr/Default/doc/edsjsr/_b64_ZWRzanNyLjQwMzk2ODM4/patterns-in-strategy-formation</subfield>
    <subfield code="w">2025-11-03</subfield>
    <subfield code="y">ARTICLE</subfield>
  </datafield>
  <datafield tag="999" ind1=" " ind2=" ">
    <subfield code="c">5125</subfield>
    <subfield code="d">5125</subfield>
  </datafield>
</record>
